000 00325nam a2200109 4500
999 _c13623
_d13623
008 190329b ||||| |||| 00| 0 eng d
245 _aPope defrocks 2 Chilean bishops accused of sex abuse.
260 _aPhilippines
_bThe Philippine Star
_cc2018
300 _apage A27.
650 0 _937957
_aSexual behavior.
942 _2ddc
_cPER